000 00481 a2200169 4500
999 _c4467
_d4467
010 _aENG-86372
020 _a9780195683660
_c250.00
035 _aEN-69905
037 _bDBAD / PUB
082 1 4 _a954.7
100 _aCohen, Stephen Philip
245 1 _aThe idea of Pakistan /
_cby Stephen Philip Cohen
260 _aNew Delhi
_bOxford University Press
_c2006
300 _aix, 382p.
_c22cm (Pbk)
500 _aIncludes index
942 _adpl
_cEN
_2ddc
_h954.7
_mCOH